[Event "Perth op"]
[Site "Perth"]
[Date "2023.01.04"]
[Round "4"]
[White "Gao, Arthur"]
[Black "Qi, Zhe"]
[Result "1/2-1/2"]
[WhiteElo "1754"]
[BlackElo "2087"]
[PlyCount "88"]
[EventDate "2023.01.02"]
[EventType "swiss"]
[EventRounds "11"]
[EventCountry "AUS"]
[SourceTitle "CBM 212 Extra"]
[Source "ChessBase"]
[SourceDate "2023.03.31"]
[SourceVersion "1"]
[SourceVersionDate "2023.03.31"]
[SourceQuality "1"]

1. e4 Nf6 2. e5 Nd5 3. d4 d6 4. Nf3 g6 5. Bc4 Nb6 6. Bb3 Bg7 7. Ng5 e6 8. Qf3 0-0 9. Qh3 h6 10. Nf3 dxe5 11. dxe5 c5 12. c3 h5 13. 0-0 c4 14. Bc2 Nc6 15. Bf4 Nd5 16. Bg3 b5 17. Nbd2 b4 18. Ba4 Na5 19. Ne4 bxc3 20. bxc3 Bd7 21. Bd1 Nc6 22. Be2 Rc8 23. Bxc4 Nd4 24. cxd4 Rxc4 25. Bh4 Nf4 26. Bxd8 Nxh3+ 27. gxh3 Rxd8 28. Rfc1 Rdc8 29. Nc5 Bb5 30. a4 Rxc1+ 31. Rxc1 Bxa4 32. Ra1 Bc6 33. Nd2 Rc7 34. Kf1 Bxe5 35. Nxe6 Bb5+ 36. Kg2 fxe6 37. dxe5 a6 38. Kg3 Kg7 39. Ne4 Rc4 40. Ng5 h4+ 41. Kf3 Kh6 42. Nf7+ Kg7 43. Ng5 Kh6 44. Nf7+ Kg7 1/2-1/2

[Event "Perth op"]
[Site "Perth"]
[Date "2023.01.03"]
[Round "2"]
[White "Gao, Arthur"]
[Black "Stojic, Dusan"]
[Result "0-1"]
[WhiteElo "1754"]
[BlackElo "2219"]
[PlyCount "66"]
[EventDate "2023.01.02"]
[EventType "swiss"]
[EventRounds "11"]
[EventCountry "AUS"]
[SourceTitle "CBM 212 Extra"]
[Source "ChessBase"]
[SourceDate "2023.03.31"]
[SourceVersion "1"]
[SourceVersionDate "2023.03.31"]
[SourceQuality "1"]

1. e4 c5 2. Nf3 Nc6 3. Bb5 e6 4. Bxc6 bxc6 5. 0-0 d5 6. e5 Ne7 7. d3 h6 8. c4 g5 9. Nc3 Ng6 10. Re1 dxc4 11. dxc4 Qxd1 12. Nxd1 g4 13. Nd2 Bg7 14. Ne4 Nxe5 15. Nxc5 Nxc4 16. Re4 Ne5 17. Bf4 Nd7 18. Rc1 Ke7 19. b3 Nf6 20. Ra4 Nd5 21. Bd2 e5 22. Ne3 Rd8 23. Nxg4 Nb6 24. Bb4 Bxg4 25. Ra6 Ke8 26. f3 Bc8 27. Ra5 Rd5 28. Ne4 Rxa5 29. Bxa5 f5 30. Nd6+ Ke7 31. Bb4 Ke6 32. Rxc6 Bd7 33. Rc7 Bf8 0-1